00621nam a2200217Ia 4500003000900000008004100009040001300050040001300063041000800076100001600084245003700100250001500137260001100152260000900163300001100172300001000183490000600193942000700199999001700206952018000223IT-RoPAU120407s9999 xx 000 0 und d aIT-RoPAU cIT-RoPAU afra aMax Scheler aLe saint, le génie, le héros aGènève aAubier c1944 a194 p. c19 cm v1 cBK c28071d28071 00102ddc406193_10000000000000071aPAULUSbPAULUSd2012-04-11l0o193.1r2012-04-11 00:00:00w2012-04-11yBKzInserito da: In data: n.d. fondo: Via A.Severo 56 Progr:23791